Company law reform (Record no. 104261)

MARC details
000 -LEADER
fixed length control field 01233cam a2200229 4500
001 - CONTROL NUMBER
control field L129677
008 - FIXED-LENGTH DATA ELEMENTS--GENERAL INFORMATION
fixed length control field 050510n2005 000 0 eng u
020 ## - INTERNATIONAL STANDARD BOOK NUMBER
International Standard Book Number 0101645627
035 ## - SYSTEM CONTROL NUMBER
System control number (Sirsi) u129677
041 ## - LANGUAGE CODE
Language code of text/sound track or separate title eng
050 ## - LIBRARY OF CONGRESS CALL NUMBER
Classification number 346.41066
-- 22
110 ## - MAIN ENTRY--CORPORATE NAME
Corporate name or jurisdiction name as entry element United Kingdom
Subordinate unit Department of Trade and Industry
245 ## - TITLE STATEMENT
Title Company law reform
260 ## - PUBLICATION, DISTRIBUTION, ETC.
Place of publication, distribution, etc. Norwich
Name of publisher, distributor, etc. TSO
Date of publication, distribution, etc. 2005
490 ## - SERIES STATEMENT
Series statement Cm
Volume/sequential designation 6456
520 ## - SUMMARY, ETC.
Summary, etc. White paper on company law reform which builds closely in the work of the Company Law Review and of the subsequent White Paper of 2002. The list of the key legislative changes includes, promoting the wider participation of shareholders and decision making which is based on a longer term view and not just immediate return. Also there will be changes to make it easier to set up and run a company. The government welcomes views on any aspect of the proposals by 10 June 2005.
590 ## - LOCAL NOTE (RLIN)
Local note IKA190505
650 ## - SUBJECT ADDED ENTRY--TOPICAL TERM
Topical term or geographic name entry element COMPANY LAW REFORM WHITE PAPER
690 ## - LOCAL SUBJECT ADDED ENTRY--TOPICAL TERM (OCLC, RLIN)
Topical term or geographic name as entry element MANAGEMENT-BUSINESS MANAGEMENT
856 ## - ELECTRONIC LOCATION AND ACCESS
Uniform Resource Identifier <a href="https://webarchive.nationalarchives.gov.uk/+/http://www.dti.gov.uk/bbf/co-act-2006/white-paper/page22800.html">https://webarchive.nationalarchives.gov.uk/+/http://www.dti.gov.uk/bbf/co-act-2006/white-paper/page22800.html</a>
Public note View the item free of charge at http://webarchive.nationalarchives.gov.uk...
942 ## - ADDED ENTRY ELEMENTS (KOHA)
Suppress in OPAC 0
Holdings
Withdrawn status Lost status Source of classification or shelving scheme Damaged status Not for loan Home library Current library Shelving location Date acquired Total Checkouts Full call number Barcode Date last seen Copy number Price effective from Koha item type
    Dewey Decimal Classification     Virtual Virtual Online 10/05/2005   ONLINE PUBLICATION 129677-2001 06/08/2019 1 06/08/2019 Book